Top Ten X-Men Heroes - Statistics

General Stats
  • This quiz has been taken 40 times
  • The average score is 9 of 10
Answer Stats
Hint Answer % Correct
Logan Wolverine
100%
Scott Summers Cyclops
97%
Charles Xavier Professor X
94%
Ororo Munroe Storm
94%
Hank McCoy Beast
92%
Bobby Drake Iceman
92%
Phoenix Jean Grey
89%
Pietro Maximoff Quicksilver
89%
Kurt Wagner Nightcrawler
86%
Anna Marie Rogue
83%
No matching quizzes found
Score Distribution
Percent of People with Each Score
Percentile by Number Answered
Your Score History
You have not taken this quiz